[Event "Wiesbaden op 26th"]
[Site "Wiesbaden"]
[Date "2014.08.29"]
[Round "3"]
[White "Berger, Ewald"]
[Black "Serbu, Eli"]
[Result "1-0"]
[WhiteElo "1916"]
[BlackElo "2150"]
[PlyCount "69"]
[EventDate "2014.08.28"]
[EventType "swiss"]
[EventRounds "7"]
[EventCountry "GER"]
[SourceTitle "CBM 162 Extra"]
[Source "ChessBase"]
[SourceDate "2014.10.17"]
[SourceVersion "1"]
[SourceVersionDate "2014.10.17"]
[SourceQuality "1"]

1. c4 Nf6 2. Nc3 d5 3. cxd5 Nxd5 4. g3 Nc6 5. Bg2 Nb6 6. Nf3 e5 7. 0-0 Be7 8. d3 0-0 9. a3 Be6 10. b4 f6 11. Be3 Nd5 12. Qc1 Kh8 13. Rd1 Re8 14. d4 Nxe3 15. Qxe3 Bb3 16. Rd2 exd4 17. Nxd4 Nxd4 18. Rxd4 Qc8 19. Qf3 c5 20. bxc5 Bxc5 21. Rh4 Rb8 22. Ne4 Bd4 23. Nd6 Qc5 24. Nxe8 Bxa1 25. Qxb3 Qc1+ 26. Bf1 Rxe8 27. Qf7 Rg8 28. e3 h6 29. Qg6 Rd8 30. Rc4 Qxa3 31. Kg2 Qd6 32. Rh4 Qd5+ 33. e4 Qd2 34. Bc4 Qd6 35. Rxh6+ 1-0

[Event "Wiesbaden op 26th"]
[Site "Wiesbaden"]
[Date "2014.08.29"]
[Round "2"]
[White "Kalepky, Helmut"]
[Black "Berger, Ewald"]
[Result "0-1"]
[WhiteElo "2084"]
[BlackElo "1916"]
[PlyCount "110"]
[EventDate "2014.08.28"]
[EventType "swiss"]
[EventRounds "7"]
[EventCountry "GER"]
[SourceTitle "CBM 162 Extra"]
[Source "ChessBase"]
[SourceDate "2014.10.17"]
[SourceVersion "1"]
[SourceVersionDate "2014.10.17"]
[SourceQuality "1"]

1. Nf3 Nf6 2. b3 d5 3. Bb2 Bf5 4. e3 e6 5. Be2 Bd6 6. d3 Nbd7 7. Nbd2 0-0 8. Nh4 Be5 9. Bxe5 Nxe5 10. Ndf3 Nxf3+ 11. Bxf3 c6 12. h3 Qa5+ 13. Qd2 Qxd2+ 14. Kxd2 g5 15. Nxf5 exf5 16. g4 fxg4 17. Bxg4 Nxg4 18. hxg4 Kg7 19. Rh5 h6 20. Rah1 Rh8 21. f3 Rae8 22. R1h2 Re6 23. f4 f6 24. c3 Re7 25. R5h3 Kg6 26. f5+ Kg7 27. c4 Re5 28. Rh5 dxc4 29. bxc4 Ra5 30. Kc1 Ra3 31. Rb2 b6 32. Kd2 Rd8 33. d4 Re8 34. Kd1 Rd3+ 35. Kc1 Rc3+ 36. Kb1 Rxc4 37. Rbh2 Rh8 38. Kb2 b5 39. a3 a5 40. Kb3 Rc1 41. Rg2 Re1 42. Rh3 Re8 43. Rgg3 a4+ 44. Kb2 Re2+ 45. Kb1 b4 46. axb4 Rb8 47. Rh1 Rxb4+ 48. Ka1 Rb3 49. Rgh3 Rbxe3 50. Rxh6 Re1+ 51. Ka2 Rxh1 52. Rxh1 Re4 53. Rc1 Rxg4 54. Rxc6 Rxd4 55. Ra6 g4 0-1

[Event "Wiesbaden op 26th"]
[Site "Wiesbaden"]
[Date "2014.08.28"]
[Round "1"]
[White "Berger, Ewald"]
[Black "Jakesevic, Ivan"]
[Result "1-0"]
[WhiteElo "1916"]
[BlackElo "1107"]
[PlyCount "93"]
[EventDate "2014.08.28"]
[EventType "swiss"]
[EventRounds "7"]
[EventCountry "GER"]
[SourceTitle "CBM 162 Extra"]
[Source "ChessBase"]
[SourceDate "2014.10.17"]
[SourceVersion "1"]
[SourceVersionDate "2014.10.17"]
[SourceQuality "1"]

1. c4 b6 2. Nc3 e6 3. e4 g6 4. d4 d6 5. Be3 Bg7 6. Qd2 Bb7 7. Nf3 Nf6 8. Bd3 Ng4 9. Bg5 Bf6 10. Bxf6 Qxf6 11. h3 Nxf2 12. Qxf2 Nc6 13. 0-0 0-0 14. Rae1 Nb4 15. Bb1 c5 16. d5 exd5 17. exd5 Rfe8 18. Ne4 Qg7 19. a3 Na6 20. Nfg5 f5 21. Nxd6 Rxe1 22. Rxe1 Qf6 23. Nxb7 Qxg5 24. d6 Rb8 25. Qf3 Qf6 26. Qd5+ Kg7 27. Re7+ Kh6 28. Qd2+ g5 29. h4 Qg6 30. hxg5+ Qxg5 31. Rxh7+ Kxh7 32. Qxg5 Rxb7 33. Bxf5+ Kh8 34. Bc8 Rg7 35. Qh6+ Kg8 36. d7 Rxd7 37. Bxd7 Kf7 38. Qd6 Kg7 39. Kf2 Nc7 40. Qxc7 b5 41. Kf3 bxc4 42. Kf4 c3 43. bxc3 a5 44. Kg5 Kf7 45. Bf5+ Ke8 46. Bg6+ Kf8 47. Qf7# 1-0

[Event "Wiesbaden op 25th"]
[Site "Wiesbaden"]
[Date "2013.08.24"]
[Round "4"]
[White "Berger, Ewald"]
[Black "Triantafillidis, Zoe"]
[Result "1-0"]
[WhiteElo "1923"]
[BlackElo "1691"]
[PlyCount "83"]
[EventDate "2013.08.22"]
[EventType "swiss"]
[EventRounds "7"]
[EventCountry "GER"]
[SourceTitle "EXT 2014"]
[Source "ChessBase"]
[SourceDate "2013.11.20"]
[SourceVersion "1"]
[SourceVersionDate "2013.11.20"]
[SourceQuality "1"]

1. c4 e5 2. Nc3 Nf6 3. g3 Bc5 4. Bg2 Nc6 5. d3 d6 6. Nf3 Bg4 7. 0-0 Qd7 8. Bg5 Nh5 9. Nd5 h6 10. Bd2 Ne7 11. Nxe7 Qxe7 12. h3 Bd7 13. e4 0-0 14. Kh2 Nf6 15. b4 Bb6 16. a4 a5 17. b5 c6 18. Nh4 Nh7 19. Nf5 Qf6 20. f4 Qe6 21. Qg4 Qf6 22. Nxh6+ Qxh6 23. Qxd7 cxb5 24. Qxb5 Bd4 25. Ra2 Qe6 26. f5 Qe7 27. Bxa5 Rfc8 28. Bd2 Rc6 29. Qb3 Rca6 30. Rb1 b6 31. Bc3 Bxc3 32. Qxc3 Rxa4 33. Rxa4 Rxa4 34. Rxb6 Nf6 35. Rb8+ Kh7 36. Qb3 Ra1 37. Rb7 Ng4+ 38. hxg4 Qg5 39. Qb2 Qh6+ 40. Bh3 Rh1+ 41. Kxh1 Qxh3+ 42. Qh2 1-0

[Event "Wiesbaden op 25th"]
[Site "Wiesbaden"]
[Date "2013.08.24"]
[Round "5"]
[White "Sandten, Ulrich"]
[Black "Berger, Ewald"]
[Result "1-0"]
[WhiteElo "2073"]
[BlackElo "1923"]
[PlyCount "81"]
[EventDate "2013.08.22"]
[EventType "swiss"]
[EventRounds "7"]
[EventCountry "GER"]
[SourceTitle "EXT 2014"]
[Source "ChessBase"]
[SourceDate "2013.11.20"]
[SourceVersion "1"]
[SourceVersionDate "2013.11.20"]
[SourceQuality "1"]

1. e4 c5 2. Nf3 d6 3. Bb5+ Bd7 4. Bxd7+ Nxd7 5. 0-0 g6 6. c3 Ngf6 7. Qe2 Bg7 8. d4 Qb6 9. Re1 cxd4 10. cxd4 e6 11. Nc3 0-0 12. Bg5 Rfe8 13. Rad1 e5 14. dxe5 dxe5 15. Rd2 h6 16. Bh4 Qc6 17. Red1 g5 18. Rd6 Qc5 19. Bg3 Rad8 20. Ne1 Bf8 21. R6d2 Be7 22. h4 Nf8 23. hxg5 hxg5 24. Nd3 Qc4 25. Bxe5 Ng6 26. Bg3 Bf8 27. f3 Bd6 28. Bxd6 Rxd6 29. Nf2 Qxe2 30. Nxe2 Rxd2 31. Rxd2 Ne5 32. Ng3 g4 33. f4 Ng6 34. e5 Nh7 35. Rd4 f6 36. Nxg4 fxe5 37. fxe5 Kf7 38. Nf5 Rh8 39. Rd6 Nhf8 40. Ngh6+ Ke8 41. e6 1-0

[Event "Wiesbaden op 25th"]
[Site "Wiesbaden"]
[Date "2013.08.23"]
[Round "2"]
[White "Berger, Ewald"]
[Black "Berberich, Christoph"]
[Result "1/2-1/2"]
[WhiteElo "1923"]
[BlackElo "2078"]
[PlyCount "101"]
[EventDate "2013.08.22"]
[EventType "swiss"]
[EventRounds "7"]
[EventCountry "GER"]
[SourceTitle "EXT 2014"]
[Source "ChessBase"]
[SourceDate "2013.11.20"]
[SourceVersion "1"]
[SourceVersionDate "2013.11.20"]
[SourceQuality "1"]

1. c4 Nf6 2. Nc3 c5 3. Nf3 g6 4. g3 Bg7 5. Bg2 0-0 6. 0-0 d5 7. cxd5 Nxd5 8. Qb3 Nxc3 9. dxc3 Nc6 10. Rd1 Qc7 11. e4 Be6 12. Qc2 Rad8 13. Be3 b6 14. Ng5 Bg4 15. f3 Bc8 16. f4 h6 17. Nf3 Rxd1+ 18. Rxd1 Rd8 19. Rxd8+ Qxd8 20. h3 Be6 21. f5 gxf5 22. exf5 Bc4 23. b3 Bd3 24. Qd2 Bxf5 25. Bxh6 Qxd2 26. Bxd2 Bb1 27. a3 Na5 28. b4 Nc4 29. bxc5 bxc5 30. Bf1 Nxd2 31. Nxd2 Bc2 32. Bc4 Bxc3 33. Nb3 Bb2 34. a4 Bxb3 35. Bxb3 a5 36. Kf2 Kg7 37. Kf3 f5 38. g4 Kf6 39. gxf5 Kxf5 40. Ke3 Bc1+ 41. Kd3 e5 42. Bd5 Kf4 43. Bc6 Bb2 44. Bd5 Ba1 45. Be6 e4+ 46. Kc4 Ke5 47. Bg4 Kd6 48. h4 Bf6 49. h5 Bg5 50. Bd1 Bd2 51. Be2 1/2-1/2

[Event "Landesliga Sued 9697"]
[Site "Bayern"]
[Date "1997.03.02"]
[Round "7"]
[White "Reisinger, Markus"]
[Black "Berger, Ewald"]
[Result "0-1"]
[WhiteElo "1935"]
[BlackElo "1955"]
[PlyCount "68"]
[EventDate "1996.10.13"]
[EventType "team-tourn"]
[EventRounds "9"]
[EventCountry "GER"]
[SourceTitle "EXT 2020"]
[Source "ChessBase"]
[SourceDate "2019.10.17"]
[SourceVersion "1"]
[SourceVersionDate "2019.10.17"]
[SourceQuality "1"]
[WhiteTeam "Groebenzell"]
[BlackTeam "Muenchen Siemens"]
[WhiteTeamCountry "GER"]
[BlackTeamCountry "GER"]

1. e4 c5 2. Nf3 d6 3. d4 cxd4 4. Nxd4 Nf6 5. Nc3 a6 6. Bc4 e6 7. Bb3 Be7 8. g4 h6 9. Rg1 b5 10. Be3 Bb7 11. f3 d5 12. e5 Nfd7 13. f4 Bh4+ 14. Kd2 Nb6 15. Qf3 N8d7 16. Rad1 Nc5 17. Kc1 b4 18. Nce2 Qc7 19. Kb1 0-0-0 20. Rc1 Nc4 21. Rgd1 Be7 22. c3 Ne4 23. cxb4 Bxb4 24. Rc2 Kb8 25. Ng3 Nxg3 26. Qxg3 Rc8 27. f5 Qb6 28. Bf2 Bc5 29. fxe6 fxe6 30. Ka1 Na5 31. Bg1 Nxb3+ 32. Qxb3 Bxd4 33. Rxc8+ Rxc8 34. Bxd4 Qxd4 0-1